书目信息 |
| 题名: |
陶弘景评传
|
|
| 作者: | 钟国发 著 | |
| 分册: | 上 | |
| 出版信息: | 南京 南京大学出版社 2011.04 |
|
| 页数: | 344页 | |
| 开本: | 23cm | |
| 丛书名: | 中国思想家评传丛书 | |
| 单 册: | ||
| 中图分类: | K826.2=391 | |
| 科图分类: | ||
| 主题词: | ||
| 电子资源: | ||
| ISBN: | 978-7-305-06002-1 | |
| 000 | 01079nam 2200277 450 | |
| 001 | 012011782428 | |
| 005 | 20111205143006.09 | |
| 010 | @a978-7-305-06002-1@dCNY44.00 | |
| 100 | @a20111204d2011 em y0chiy0120 ea | |
| 101 | 0 | @achi |
| 102 | @aCN@b320000 | |
| 105 | @ac z 000yd | |
| 106 | @ar | |
| 200 | 1 | @a陶弘景评传@Atao hong jing ping chuan@h上@e附宪谦之 陆修静评传@f钟国发著@Fzhong guo fa zhu |
| 210 | @a南京@c南京大学出版社@d2011.04 | |
| 215 | @a344页@c肖像@d23cm | |
| 225 | 2 | @a中国思想家评传丛书@Azhong guo si xiang jia ping chuan cong shu@e典藏版 |
| 312 | @a英文并列题名取自封底 | |
| 330 | @a本书结全中华民族的文化基因和魏晋南北朝的时代特征,钩稽文献,仔细考证了陶弘景的哲学、宗教、科学、艺术思想及成就,对其在中国文人史上的独特地位作了新的评判。 | |
| 410 | 0 | @12001 @a中国思想家评传丛书 |
| 517 | 1 | @a附宪谦之 陆修静评传@Afu xian qian zhi lu xiu jing ping chuan |
| 600 | 0 | @a陶弘景,@Atao hong jing@f456-536@x评传 |
| 690 | @aK826.2=391@v4 | |
| 701 | 0 | @a钟国发@Azhong guo fa@4著 |
| 801 | 0 | @aCN@bQSSK@c20111205 |
| 905 | @b795729@dK826.2=391@eT312:1@f1 | |
| 陶弘景评传.上:附宪谦之 陆修静评传/钟国发著.-南京:南京大学出版社,2011.04 |
| 344页:肖像;23cm.-(中国思想家评传丛书:典藏版) |
| ISBN 978-7-305-06002-1:CNY44.00 |
| 本书结全中华民族的文化基因和魏晋南北朝的时代特征,钩稽文献,仔细考证了陶弘景的哲学、宗教、科学、艺术思想及成就,对其在中国文人史上的独特地位作了新的评判。 |
| ● |
| 相关链接 |
|
|
|
正题名:陶弘景评传
索取号:K826.2=391/T312:1
 
预约/预借
| 序号 | 登录号 | 条形码 | 馆藏地/架位号 | 状态 | 备注 |
| 1 | 795729 | 207957291 | 社科库309/309社科库 56排1列1层/ [索取号:K826.2=391/T312:1] | 在馆 |